1321 1101 1058 1662 1615 1647 1732 1297 1957 1577 1475 1062 1633 1769 1917 1904 1840 1514 1501 1829 1320 1153 1356 1283 1160 1613 1391 1369 1915 1282 1688 1069 1191 1425 1759 1808 1731 1131 1412 1400 1274 1206 1688 1689 1714 1434 1157 1928 1086 1040 1608 1925 1809 1425 1469 1793 1838 1408 1575 1127 1069 1690 1064 1575 1971 1996 1462 1917 1976 1492 1167 1187 1284 1530 1694 1147 1218 1989 1455 1433 1178 1003 1349 1913 1262 1770 1690 1433 1554 1833 1620 1009 1818 1121 1562 1698 1984 1381 1622 BCNSPRNW ULIB Ver.6.0+V

เปลี่ยนเป็นภาษาไทย

Change to English
 แสดงรายละเอียดบรรณานุกรม
  กลับหน้าหลัก

Brief Record : Get Marc (ISO 2709) : E-mail record : QR code < ปิดหน้าต่าง
LEADER : 00000nam 2200000uu 4500
001    13399110464
003     ULIB
008    110601s2544||||th 000 0 tha d
020    9740500072
060 04 WO200^bก499ก 2544
245 00 การระงับความรู้สึกผู้ป่วยโรคต่อมไร้ท่อ =^bAnesthesia forpatients with endocrine disease /^cจริยา เลิศอรรฆยมณี, ทรงยศ วลัยฤาชา, บรรณาธิการ
246 31 Anesthesia for patients with endocrine disease
250    ฉบับพิมพ์ครั้งที่ 1
260    กรุงเทพฯ :^bเรือนแก้ว,^c2544
300    201 หน้า ;^c27 ซม.
650  7 ต่อมไร้ท่อ, โรค
650  7 ระงับความรู้สึก
653    ผลงานอาจารย์คณะแพทยศาสตร์ศิริราชพยาบาล
700 0  จริยา เลิศอรรฆยมณี,^eบรรณาธิการ
700 0  ทรงยศ วลัยฤาชา,^eบรรณาธิการ
945    ^p200^l0^i015165
945    ^p200^l0^i014989
945    ^p200^l0^i014988
945    ^p200^l0^i014987
945    ^p200^l0^i014986
945    ^p200^l0^i014984
945    ^p200^l0^i015164
945    ^p200^l0^i014985
995    ทศพร
999 ^a ใช้งานได้ทุกระบบ
รายการนี้ยังไม่มีแท็ก
คุณยังไม่ได้ล็อกอิน คุณสามารถมีกิจกรรมร่วมกับเว็บไซต์ได้ แต่ต้องล็อกอินก่อน ::
  ล็อกอิน

รายการสื่อสารสนเทศ

ลำดับที่ ประเภท เลขเรียก/บาร์โค้ด สถานที่ สถานะ
- ไม่พบข้อมูล -

รายการใกล้เคียง
    หัวเรื่อง [ต่อมไร้ท่อ, โรค]
    หัวเรื่อง [ระงับความรู้สึก]

BibComment


ยังไม่เคยถูกคอมเมนท์

คอมเมนท์ทรัพยากรรายการนี้
  คอมเมนท์: การระงับความรู้สึ..


 Copyright 2026. Bcnsprnw @Library